|
|
|
|
| LEADER |
00658nab a2200181 i 4500 |
| 001 |
misc2379 |
| 005 |
20191106141414.0 |
| 008 |
170607s1987 hu o 0|| hun d |
| 022 |
|
|
|a 0865-4093
|
| 040 |
|
|
|a SZTE Miscellanea Repozitórium
|b hun
|
| 041 |
|
|
|a hun
|
| 100 |
1 |
|
|a Nagy Gáspár
|
| 245 |
1 |
0 |
|a Közgyülésen [!közgyűlésen] és közgyülés [!közgyűlés] után
|h [elektronikus dokumentum] /
|c Nagy Gáspár
|
| 260 |
|
|
|c 1987
|
| 300 |
|
|
|a 138-150
|
| 490 |
0 |
|
|a Beszélő : politikai és kulturális folyóirat
|v 19
|
| 695 |
|
|
|a Politikatudomány, Társadalomtudomány
|
| 856 |
4 |
0 |
|u http://misc.bibl.u-szeged.hu/2379/1/beszelo_019_138-150.pdf
|z Dokumentum-elérés
|